000 00429nam a2200181Ia 4500
001 2960
005 20260306144845.0
008 260306t2015||||xx |||||||||||||| ||spa||
041 _aESP
082 _a234.99
_bG26 V. 1
100 _aGarreaud Indacochea, Emilio
_eAUT
245 0 _aLa solidaridad laical
260 _c2015
300 _a205 páginas :
_c24 cm.
650 _aGEN
654 _aCHU
942 _cLIB
_dJUS
_fJUS
_2ddc
_n
999 _c2960
_d2960